000 01210nam a22003977a 4500
001 BR8206321
003 BR-BrBNA
005 20230928091504.0
007 ta
008 230509b bl.||||| |||| 00| 0 por d
040 _aBR-BrBNA
_bpor
_cBiblioteca Nacional de Agricultura
041 _a(Por)
072 _aF00
_b3530
_b0312
_b2320
_b2480
_b2121
_b/G514
090 _ 3530 BR8206321
100 1 _aGuerreiro, P.M. da S. (ed.)
100 1 _aAladyrce, C.T.
100 1 _aMachado, C.J. de C.
110 1 _aComissao Estadual de Planejamento Agricola, Belem, PA (Brasil)
_92044
245 1 _aSubsidios ao Programa Nacional de Producao de Mudas [Para, Brasil]
260 3 _aBelem, PA (Brasil):
_c1982.
300 _a46 p.
500 _a24 tables; 23 ref. (*) Documento disponível na(o) Secretaria de Estado de Agricultura do Para, Belem (Brazil)
650 _aDENDE
650 _aMUDA
650 _aMAMAO
650 _aPIMENTA DO REINO
650 _aSERINGUEIRA
650 _aGUARANA
650 _aESTATISTICA DE PRODUCAO
650 _aRENDIMENTO
650 _aCUSTO DE PRODUCAO
650 _aPESQUISA AGRICOLA
650 _aPARA
909 _a202309
_bLucia
_c55
_dLucia Elande
942 _cBK
999 _c34080
_d34080